Programové vybavenie trasovacej logiky autonómneho obvodového emulátora /

Enregistré dans:
Détails bibliographiques
Auteur principal: Hradský, Stanislav (Auteur)
Collectivité auteur: Slovenská vysoká škola technická v Bratislave, Elektrotechnická fakulta : Katedra počítačov
Autres auteurs: Čičák, Pavel, 1955- (Directeur de thèse)
Format: Manuscrit Livre
Langue:slovaque
Publié: Bratislava : Slovenská vysoká škola technická 1989,
Tags: Ajouter un tag
Pas de tags, Soyez le premier à ajouter un tag!

MARC

LEADER 00000ntm a22000003a 4500
001 0065162
003 SK-STU
005 20180521165433.2
007 ta
008 180521s2018----xo-----f-mn---000-0-slo-d
040 |a STU  |b slo 
041 0 |a slo 
044 |a xo  |c SK 
100 1 |a Hradský, Stanislav  |4 aut 
245 1 0 |a Programové vybavenie trasovacej logiky autonómneho obvodového emulátora /  |c aut. Stanislav Hradský ; škol. Pavel Čičák 
260 |c 1989,  |a Bratislava :  |b Slovenská vysoká škola technická 
300 |a 55 s., tlač. príloha 
700 1 |a Čičák, Pavel,  |d 1955-  |u 070100  |r Z1  |4 ths  |U FIIT Fakulta informatiky a informačných technológií  |T FIIT Ústav počítačových systémov a sietí  |X 1926  |U I100  |Y 178  |7 1926 
710 2 |a Slovenská vysoká škola technická v Bratislave,  |b Elektrotechnická fakulta :  |b Katedra počítačov 
996 |c I*DP29/89  |l II680  |s P  |a 0  |w 0065162_0001